[Event "American Continental 18th"]
[White "Betaneli, Alexander"]
[Black "Castro Lombana, Juan Pablo"]
[Site "Medellin"]
[Round "10"]
[Result "1-0"]
[Date "2024.05.31"]
[WhiteElo "2175"]
[BlackElo "1929"]
[PlyCount "91"]
[EventDate "2024.05.24"]
[EventType "swiss"]
[EventRounds "11"]
[EventCountry "COL"]
[SourceTitle "CBM 220 Extra"]
[Source "ChessBase"]
[SourceDate "2024.07.31"]
[SourceVersion "1"]
[SourceVersionDate "2024.07.31"]
[SourceQuality "1"]

1. d4 Nf6 2. Nf3 c5 3. d5 g6 4. c4 b5 5. Nbd2 bxc4 6. e4 d6 7. Qc2 Bg7 8. Nxc4 0-0 9. Be2 Na6 10. Bd2 Rb8 11. a3 Nc7 12. 0-0 Ba6 13. Ba5 Bxc4 14. Bxc4 Qd7 15. a4 Ng4 16. Rab1 Ne5 17. Nxe5 Bxe5 18. Bc3 Bxc3 19. bxc3 Na8 20. a5 Qc7 21. Ra1 Qd7 22. f4 Qb7 23. Ra2 Nc7 24. Qd3 Kh8 25. h4 f6 26. Rd2 Kg7 27. g4 h6 28. Qg3 g5 29. hxg5 hxg5 30. fxg5 fxg5 31. Qe3 Kg6 32. Rdf2 Rf6 33. Rf5 Ne8 34. Qxg5+ Kf7 35. Qh5+ Kg8 36. e5 Ng7 37. Qg5 Rxf5 38. gxf5 Qb2 39. f6 exf6 40. exf6 Rb7 41. Qe3 Rf7 42. Bd3 Rb7 43. Bg6 Rb8 44. Qh6 Qb7 45. Qh7+ Kf8 46. Qh8# 1-0

[Event "American Continental 18th"]
[White "Betaneli, Alexander"]
[Black "Herrera Jimenez, Mateo"]
[Site "Medellin"]
[Round "8"]
[Result "1-0"]
[Date "2024.05.29"]
[WhiteElo "2175"]
[BlackElo "1943"]
[PlyCount "89"]
[EventDate "2024.05.24"]
[EventType "swiss"]
[EventRounds "11"]
[EventCountry "COL"]
[SourceTitle "CBM 220 Extra"]
[Source "ChessBase"]
[SourceDate "2024.07.31"]
[SourceVersion "1"]
[SourceVersionDate "2024.07.31"]
[SourceQuality "1"]

1. d4 d5 2. Nf3 e6 3. g3 Nf6 4. Bg2 Be7 5. 0-0 0-0 6. c4 c6 7. Qc2 b6 8. Rd1 Nbd7 9. Nc3 Ba6 10. cxd5 cxd5 11. Bg5 Bb7 12. Rdc1 Rc8 13. Qd1 a6 14. e3 b5 15. Ne5 Nxe5 16. dxe5 Nd7 17. Bxe7 Qxe7 18. f4 Nb6 19. b3 Qc5 20. Kf2 Qa3 21. Qd4 Nd7 22. Ne2 Qa5 23. e4 Qb6 24. exd5 Nc5 25. Kg1 exd5 26. Bh3 Rc7 27. b4 Na4 28. Qxb6 Rxc1+ 29. Rxc1 Nxb6 30. Rc7 Bc8 31. Bg2 Bg4 32. Nd4 Rc8 33. Rb7 Nc4 34. h3 Bd1 35. Bxd5 h6 36. Nc6 Kh8 37. Kf2 Bc2 38. Rxf7 Bb1 39. Ra7 a5 40. Nxa5 Nb6 41. Bc6 Rd8 42. Ra6 Nc4 43. Ra8 Rxa8 44. Bxa8 Bxa2 45. Bc6 1-0

[Event "New York Spring IM-B"]
[White "Managadze, Nikoloz"]
[Black "Betaneli, Alexander"]
[Site "New York"]
[Round "2"]
[Result "1-0"]
[Date "2022.04.15"]
[WhiteElo "2418"]
[BlackElo "2167"]
[PlyCount "91"]
[EventDate "2022.04.14"]
[EventType "tourn"]
[EventRounds "9"]
[EventCountry "USA"]
[EventCategory "2"]
[SourceTitle "CBM 207 Extra"]
[Source "ChessBase"]
[SourceDate "2022.05.31"]
[SourceVersion "1"]
[SourceVersionDate "2022.05.31"]
[SourceQuality "1"]

1. c4 e6 2. e4 d5 3. cxd5 exd5 4. exd5 Nf6 5. Bb5+ Nbd7 6. Nc3 Be7 7. Nf3 0-0 8. d4 Nb6 9. h3 Nbxd5 10. 0-0 c5 11. Nxd5 Qxd5 12. Be3 cxd4 13. Nxd4 Bd7 14. Be2 Rfd8 15. Bf3 Qe5 16. Qb3 Bd6 17. Rfd1 Qh2+ 18. Kf1 Re8 19. Bxb7 Rab8 20. Nf3 Qh1+ 21. Ke2 Rxe3+ 22. Qxe3 Bb5+ 23. Kd2 Qxg2 24. Rg1 Qxh3 25. Qg5 Bb4+ 26. Kc1 Rc8+ 27. Bxc8 Qxc8+ 28. Kd1 Qd7+ 29. Nd2 g6 30. Re1 Ng4 31. Qf4 Bxd2 32. Qxd2 Nxf2+ 33. Kc2 Bd3+ 34. Kb3 Qd5+ 35. Ka3 a5 36. Re8+ Kg7 37. Qc3+ Kh6 38. b3 Qd6+ 39. Kb2 Bb5 40. Re3 f6 41. Rae1 Nd1+ 42. Rxd1 Qxd1 43. Qxa5 Bd3 44. Rh3+ Kg7 45. Qc7+ Kf8 46. Qd8+ 1-0

[Event "Redmond PNWCC Artist Point"]
[White "Ruiz Castillo, Joshua Daniel"]
[Black "Betaneli, Alexander"]
[Site "Redmond"]
[Round "1"]
[Result "1-0"]
[Date "2021.09.02"]
[WhiteElo "2499"]
[BlackElo "2184"]
[PlyCount "103"]
[EventDate "2021.09.02"]
[EventType "swiss"]
[EventRounds "9"]
[EventCountry "USA"]
[SourceTitle "CBM 204 Extra"]
[Source "ChessBase"]
[SourceDate "2021.11.30"]
[SourceVersion "1"]
[SourceVersionDate "2021.11.30"]
[SourceQuality "1"]

1. b3 d5 2. Bb2 Nf6 3. Nf3 e6 4. e3 Be7 5. c4 0-0 6. g3 c5 7. Bg2 Nc6 8. 0-0 b6 9. Qe2 Bb7 10. Rd1 dxc4 11. bxc4 Qc8 12. Nc3 Na5 13. Ne1 Bxg2 14. Nxg2 Ne8 15. f4 Nd6 16. d3 a6 17. e4 Nc6 18. Qf2 f5 19. e5 Nf7 20. Ne2 Rd8 21. h3 Ra7 22. g4 Nh6 23. g5 Nf7 24. Qg3 Rad7 25. Ne1 b5 26. Rdc1 bxc4 27. Rxc4 Qb7 28. Rb1 Nd4 29. Nxd4 Rxd4 30. Qg2 Qxg2+ 31. Kxg2 Rb8 32. Bxd4 Rxb1 33. Bxc5 Bxc5 34. Rxc5 Rxe1 35. Rc8+ Nd8 36. Rxd8+ Kf7 37. Rd7+ Kf8 38. Rd6 Re2+ 39. Kf3 Rxa2 40. Rxe6 a5 41. Ra6 Ra4 42. Ra7 Ra3 43. Ke3 Ra4 44. h4 Ra1 45. d4 Ra3+ 46. Ke2 Ra2+ 47. Kd3 Ra3+ 48. Kc4 Rf3 49. Kd5 Rxf4 50. Ke6 g6 51. Kf6 Ke8 52. e6 1-0

[Event "US Masters op"]
[White "Yan, Benjamin"]
[Black "Betaneli, Alexander"]
[Site "Greensboro"]
[Round "6"]
[Result "1/2-1/2"]
[Date "2019.08.24"]
[WhiteElo "1952"]
[BlackElo "2174"]
[PlyCount "83"]
[EventDate "2019.08.21"]
[EventType "swiss"]
[EventRounds "9"]
[EventCountry "USA"]
[SourceTitle "EXT 2020"]
[Source "ChessBase"]
[SourceDate "2019.10.17"]
[SourceVersion "1"]
[SourceVersionDate "2019.10.17"]
[SourceQuality "1"]

1. d4 d5 2. Nf3 Nf6 3. Bf4 e6 4. e3 c5 5. c3 Nc6 6. Bd3 Be7 7. Nbd2 Nh5 8. Bg3 Bd7 9. Ne5 Nxg3 10. Nxc6 bxc6 11. hxg3 h6 12. Nf3 cxd4 13. exd4 c5 14. Ne5 0-0 15. Qg4 f5 16. Qe2 cxd4 17. cxd4 Bb4+ 18. Kf1 Bd6 19. Re1 Bxe5 20. Qxe5 Qb8 21. Re2 Rc8 22. Kg1 Qxe5 23. dxe5 Rab8 24. f4 Bb5 25. Bxb5 Rxb5 26. Kf2 Rb4 27. Kf3 Kf7 28. g4 fxg4+ 29. Kxg4 Rcc4 30. g3 a5 31. b3 Rc3 32. Rhh2 a4 33. bxa4 Rxa4 34. Rc2 Rxc2 35. Rxc2 g5 36. Kh5 gxf4 37. Rf2 Kg7 38. gxf4 Re4 39. Rg2+ Kf7 40. Rf2 Kg7 41. Rg2+ Kf7 42. Rf2 1/2-1/2

[Event "US Masters op"]
[White "Singh, Hersh"]
[Black "Betaneli, Alexander"]
[Site "Greensboro"]
[Round "2"]
[Result "0-1"]
[Date "2019.08.22"]
[WhiteElo "1920"]
[BlackElo "2174"]
[PlyCount "106"]
[EventDate "2019.08.21"]
[EventType "swiss"]
[EventRounds "9"]
[EventCountry "USA"]
[SourceTitle "EXT 2020"]
[Source "ChessBase"]
[SourceDate "2019.10.17"]
[SourceVersion "1"]
[SourceVersionDate "2019.10.17"]
[SourceQuality "1"]

1. d4 d5 2. c4 e6 3. Nf3 Nf6 4. g3 Be7 5. Bg2 0-0 6. 0-0 c6 7. Qc2 b6 8. Nbd2 Bb7 9. e4 Na6 10. a3 Rc8 11. e5 Nd7 12. cxd5 cxd5 13. Qd1 Qc7 14. Nb1 b5 15. Nc3 Bc6 16. Ng5 Nb6 17. Qd3 Bxg5 18. Bxg5 Qd7 19. Rfe1 b4 20. Qxa6 bxc3 21. bxc3 h6 22. Be3 Nc4 23. Reb1 Rb8 24. a4 Rb6 25. Rxb6 axb6 26. Bf1 Ra8 27. Bxc4 Rxa6 28. Bxa6 Bxa4 29. Bd3 Qc6 30. Ra3 Kf8 31. Bc1 Ke8 32. h4 Kd8 33. Bb2 f6 34. exf6 gxf6 35. Bc1 h5 36. Be2 Qe8 37. Kh2 Kc8 38. Bxh5 Qxh5 39. Rxa4 Qd1 40. Ra1 Qf1 41. h5 Qxf2+ 42. Kh3 Qf1+ 43. Kg4 Kb7 44. h6 Qh1 45. Bb2 Qxh6 46. Rf1 Qd2 47. Ba1 Qe2+ 48. Rf3 e5 49. dxe5 fxe5 50. c4 e4 51. cxd5 Qxf3+ 52. Kh4 Qh1+ 53. Kg4 Qxa1 0-1

[Event "Fagernes GM"]
[White "Greenfeld, Alon"]
[Black "Betaneli, Alexander"]
[Site "Fagernes"]
[Round "6"]
[Result "1-0"]
[Date "2019.04.18"]
[WhiteElo "2514"]
[BlackElo "2235"]
[PlyCount "79"]
[EventDate "2019.04.14"]
[EventType "tourn"]
[EventRounds "9"]
[EventCountry "NOR"]
[EventCategory "7"]
[SourceTitle "CBM 189 Extra"]
[Source "ChessBase"]
[SourceDate "2019.05.31"]
[SourceVersion "1"]
[SourceVersionDate "2019.05.31"]
[SourceQuality "1"]

1. c4 e6 2. g3 d5 3. Bg2 Nf6 4. Nf3 Be7 5. 0-0 0-0 6. d4 c6 7. Qc2 b6 8. Nbd2 Bb7 9. e4 Na6 10. e5 Nd7 11. a3 Nc7 12. Re1 a5 13. h4 c5 14. Nf1 cxd4 15. Nxd4 Nc5 16. Bf4 dxc4 17. Bxb7 Nxb7 18. Nc6 Qd7 19. Nxe7+ Qxe7 20. Qxc4 Nd5 21. Bg5 Qc5 22. Qg4 Rfc8 23. Nd2 Qf8 24. Ne4 Rc6 25. Rad1 Kh8 26. Rd4 f5 27. exf6 gxf6 28. Rxd5 exd5 29. Nxf6 h6 30. Qd7 Rxf6 31. Bxf6+ Qxf6 32. Qxb7 Rf8 33. Re2 d4 34. Qe7 Qxe7 35. Rxe7 Rd8 36. Re2 b5 37. Kg2 b4 38. axb4 axb4 39. Kf3 Kg7 40. Ke4 1-0

[Event "Bay Area op"]
[White "Li, Eric"]
[Black "Betaneli, Alexander"]
[Site "Burlingame"]
[Round "4"]
[Result "1/2-1/2"]
[Date "2019.01.03"]
[WhiteElo "2007"]
[BlackElo "2254"]
[PlyCount "223"]
[EventDate "2019.01.01"]
[EventType "swiss"]
[EventRounds "9"]
[EventCountry "USA"]
[SourceTitle "CBM 188 Extra"]
[Source "ChessBase"]
[SourceDate "2019.02.28"]
[SourceVersion "1"]
[SourceVersionDate "2019.02.28"]
[SourceQuality "1"]

1. d4 d5 2. c4 e6 3. Nc3 Be7 4. cxd5 exd5 5. Bf4 c6 6. Qc2 Bd6 7. Bxd6 Qxd6 8. e3 Qg6 9. Qd2 Nd7 10. Nge2 Nb6 11. Ng3 f5 12. Bd3 Nf6 13. f3 0-0 14. 0-0 Nh5 15. Qf2 Nxg3 16. Qxg3 Qh6 17. Rae1 Bd7 18. Qc7 Rf7 19. Qf4 Qf6 20. a4 Re8 21. a5 Nc8 22. Qg3 Rxe3 23. Rxe3 f4 24. Qf2 fxe3 25. Qxe3 Re7 26. Qf2 Nd6 27. b4 Bf5 28. Be2 a6 29. Rd1 Bc2 30. Rd2 Bb3 31. Bf1 Bc4 32. Nd1 Qe6 33. Nb2 Bxf1 34. Qxf1 Nb5 35. Qf2 Qh6 36. h3 Qe3 37. Qxe3 Rxe3 38. Na4 Rb3 39. Nc5 Rxb4 40. Nxb7 Nxd4 41. Nc5 Rb5 42. Nxa6 Nb3 43. Rb2 Rxa5 44. Nb4 Ra1+ 45. Kh2 Na5 46. Rc2 d4 47. Kg3 Rb1 48. Nd3 Rb3 49. Nc1 Rb5 50. Kf4 c5 51. Ke4 Kf7 52. Kd5 Nb7 53. Kc6 Rb1 54. Nd3 Rb3 55. Nc1 Na5+ 56. Kxc5 d3 57. Ra2 Rc3+ 58. Kb4 Rxc1 59. Kxa5 Rc2 60. Ra3 Rxg2 61. Rxd3 Rg3 62. Kb4 Kf6 63. Kc3 Rxh3 64. Kd2 Rh1 65. Ke3 Re1+ 66. Kf4 Re6 67. Rd5 g6 68. Rg5 Rb6 69. Kg4 Rb4+ 70. f4 h5+ 71. Kg3 Rb3+ 72. Kg2 Rc3 73. Rb5 Rd3 74. Ra5 Ke6 75. Re5+ Kf6 76. Ra5 h4 77. Rg5 Ra3 78. Rg4 h3+ 79. Kh2 Rf3 80. Rg1 Rxf4 81. Kxh3 Kf5 82. Re1 Rf3+ 83. Kg2 Kg4 84. Re4+ Rf4 85. Re3 g5 86. Rg3+ Kh5 87. Rh3+ Kg6 88. Ra3 Rh4 89. Kg3 Kh5 90. Rc3 Rg4+ 91. Kh2 Ra4 92. Kg3 Ra1 93. Rc4 Ra3+ 94. Kg2 Rd3 95. Ra4 Re3 96. Kf2 Rb3 97. Kg2 Rb2+ 98. Kg3 Rb3+ 99. Kg2 Rb5 100. Kg3 g4 101. Ra8 Rb3+ 102. Kg2 Rb2+ 103. Kg3 Rb3+ 104. Kg2 Rf3 105. Rh8+ Kg5 106. Rg8+ Kf4 107. Rf8+ Ke3 108. Re8+ Kd3 109. Rg8 Rf4 110. Kg3 Re4 111. Rxg4 Rxg4+ 112. Kxg4 1/2-1/2

[Event "Bay Area op"]
[White "Free, Graham"]
[Black "Betaneli, Alexander"]
[Site "Burlingame"]
[Round "2"]
[Result "1-0"]
[Date "2019.01.02"]
[WhiteElo "2015"]
[BlackElo "2254"]
[PlyCount "61"]
[EventDate "2019.01.01"]
[EventType "swiss"]
[EventRounds "9"]
[EventCountry "USA"]
[SourceTitle "CBM 188 Extra"]
[Source "ChessBase"]
[SourceDate "2019.02.28"]
[SourceVersion "1"]
[SourceVersionDate "2019.02.28"]
[SourceQuality "1"]

1. d4 d5 2. Bf4 Nf6 3. e3 e6 4. Nd2 c5 5. c3 Nc6 6. Ngf3 Be7 7. Ne5 Nxe5 8. dxe5 Nd7 9. h4 f6 10. Nf3 fxe5 11. Nxe5 Nxe5 12. Bxe5 0-0 13. Bd3 Qe8 14. h5 c4 15. Bxh7+ Kxh7 16. Qc2+ Rf5 17. g4 Bf6 18. Bxf6 gxf6 19. gxf5 e5 20. 0-0-0 Bd7 21. Qd2 Bc6 22. Rhg1 Qc8 23. e4 Qf8 24. exd5 Rd8 25. Qe3 Rxd5 26. Rxd5 Bxd5 27. Rg6 Bc6 28. h6 Qd8 29. Rg7+ Kh8 30. Qg3 Ba4 31. Rh7+ 1-0

[Event "Saint Louis SPICE Cup op 12th"]
[White "Quesada Perez, Yuniesky"]
[Black "Betaneli, Alexander"]
[Site "Saint Louis"]
[Round "1"]
[Result "0-1"]
[Date "2018.10.23"]
[WhiteElo "2622"]
[BlackElo "2272"]
[PlyCount "84"]
[EventDate "2018.10.23"]
[EventType "swiss"]
[EventRounds "9"]
[EventCountry "USA"]
[SourceTitle "CBM 187 Extra"]
[Source "ChessBase"]
[SourceDate "2018.11.04"]
[SourceVersion "1"]
[SourceVersionDate "2018.11.04"]
[SourceQuality "1"]

1. e4 e5 2. Nf3 Nc6 3. Bb5 a6 4. Ba4 d6 5. c4 Bd7 6. Nc3 Nge7 7. d3 Nd4 8. Bxd7+ Qxd7 9. Nxd4 exd4 10. Ne2 Nc6 11. Ng3 g6 12. 0-0 Bg7 13. f4 0-0 14. Bd2 Ne7 15. f5 Nc6 16. f6 Bh8 17. Bg5 Ne5 18. Rf4 Rfe8 19. Qe2 b5 20. b3 bxc4 21. bxc4 Qa4 22. Raf1 Qa3 23. R4f3 Re6 24. Nf5 gxf5 25. exf5 Rxf6 26. Rg3 Kf8 27. Qh5 Ke7 28. Qxh7 Qxa2 29. Qh6 Rb8 30. h3 Qe2 31. Ra1 a5 32. Kh2 Qf2 33. c5 dxc5 34. Qh4 Qxf5 35. Rxa5 Kd6 36. Bxf6 Bxf6 37. Qh6 Ng6 38. Qc1 Qe5 39. Ra6+ Rb6 40. Rxb6+ cxb6 41. Qb2 Bh4 42. Qxb6+ Ke7 0-1

[Event "American Continental 14th"]
[White "Betaneli, Alexander"]
[Black "Vazquez, Guillermo"]
[Site "Montevideo"]
[Round "10"]
[Result "0-1"]
[Date "2018.06.09"]
[WhiteElo "2246"]
[BlackElo "2436"]
[PlyCount "140"]
[EventDate "2018.06.01"]
[EventType "swiss"]
[EventRounds "11"]
[EventCountry "URU"]
[SourceTitle "CBM 184 Extra"]
[Source "ChessBase"]
[SourceDate "2018.06.28"]
[SourceVersion "1"]
[SourceVersionDate "2018.06.28"]
[SourceQuality "1"]

1. Nf3 d5 2. d4 Nf6 3. e3 e6 4. b3 c5 5. Bb2 cxd4 6. exd4 Bb4+ 7. c3 Bd6 8. Bd3 b6 9. Nbd2 Bb7 10. 0-0 Ne4 11. Qe2 Nxd2 12. Qxd2 0-0 13. Rfe1 Nd7 14. Qe2 Rc8 15. Rad1 Qe7 16. Ne5 Nf6 17. Qe3 Rc7 18. Qh3 Rfc8 19. Re3 g6 20. f3 Nd7 21. Nxd7 Qxd7 22. g3 Bc6 23. Rde1 Bb5 24. Bb1 a5 25. a4 Bc6 26. Bc1 b5 27. axb5 Bxb5 28. Bd2 a4 29. bxa4 Bxa4 30. Bd3 Bb5 31. f4 Bxd3 32. Rxd3 Qb5 33. g4 Re8 34. f5 exf5 35. Rxe8+ Qxe8 36. gxf5 Qe2 37. fxg6 fxg6 38. Rf3 Bxh2+ 39. Qxh2 Qxf3 40. Qxc7 Qd1+ 41. Kf2 Qxd2+ 42. Kg1 Qe1+ 43. Kh2 Qf2+ 44. Kh1 Qe1+ 45. Kh2 Qe6 46. Qb7 h5 47. Qc7 Qf7 48. Qe5 Kh7 49. Kg3 Qf5 50. Qe8 Kg7 51. Qe7+ Kh6 52. Qe8 Qf6 53. Qd7 h4+ 54. Kh2 Qf2+ 55. Kh1 Qf3+ 56. Kh2 h3 57. Qxh3+ Qxh3+ 58. Kxh3 Kg5 59. Kg3 Kf5 60. Kf3 g5 61. Kg3 g4 62. Kg2 Kf4 63. Kf2 g3+ 64. Kg2 Kg4 65. c4 dxc4 66. d5 c3 67. d6 c2 68. d7 c1Q 69. d8Q Qc2+ 70. Kf1 Qf2# 0-1

[Event "American Continental 14th"]
[White "Betaneli, Alexander"]
[Black "Slipak, Sergio"]
[Site "Montevideo"]
[Round "8"]
[Result "1/2-1/2"]
[Date "2018.06.07"]
[WhiteElo "2246"]
[BlackElo "2420"]
[PlyCount "46"]
[EventDate "2018.06.01"]
[EventType "swiss"]
[EventRounds "11"]
[EventCountry "URU"]
[SourceTitle "CBM 184 Extra"]
[Source "ChessBase"]
[SourceDate "2018.06.28"]
[SourceVersion "1"]
[SourceVersionDate "2018.06.28"]
[SourceQuality "1"]

1. Nf3 d5 2. d4 Nf6 3. e3 c5 4. dxc5 e6 5. c4 Bxc5 6. Nc3 0-0 7. cxd5 exd5 8. Be2 Nc6 9. 0-0 Re8 10. b3 a6 11. Bb2 Ba7 12. Rc1 Qd6 13. Rc2 Bg4 14. h3 Be6 15. Rd2 Rad8 16. Qc1 Bb8 17. Ba3 Qc7 18. Rfd1 Rc8 19. Na4 Ne4 20. Rc2 Ng5 21. Kf1 Nxf3 22. Bxf3 Qh2 23. Nb6 Rcd8 1/2-1/2

[Event "Fagernes TV2 IM"]
[White "Rozentalis, Eduardas"]
[Black "Betaneli, Alexander"]
[Site "Fagernes"]
[Round "1"]
[Result "1-0"]
[Date "2018.03.25"]
[WhiteElo "2512"]
[BlackElo "2231"]
[PlyCount "93"]
[EventDate "2018.03.25"]
[EventType "tourn"]
[EventRounds "9"]
[EventCountry "NOR"]
[EventCategory "2"]
[SourceTitle "CBM 183 Extra"]
[Source "ChessBase"]
[SourceDate "2018.04.19"]
[SourceVersion "1"]
[SourceVersionDate "2018.04.19"]
[SourceQuality "1"]

1. e4 e5 2. Nf3 Nc6 3. Bc4 Be7 4. 0-0 Nf6 5. d3 0-0 6. Re1 d6 7. c3 a6 8. a4 Be6 9. Bxe6 fxe6 10. a5 Kh8 11. Nbd2 Nd7 12. Nc4 Bf6 13. Ne3 Qe8 14. b4 Qf7 15. Bd2 Ne7 16. Ng4 Ng6 17. d4 Be7 18. Kh1 h5 19. Ne3 h4 20. dxe5 Ndxe5 21. Nxe5 Nxe5 22. f4 Nd3 23. Rf1 d5 24. exd5 exd5 25. Qe2 Nb2 26. Be1 Nc4 27. Nxc4 dxc4 28. f5 Rae8 29. Qg4 Bf6 30. Bxh4 Bxh4 31. Qxh4+ Kg8 32. Rf3 Qd5 33. Raf1 Qe4 34. Qg3 Qe5 35. Qg4 Qe4 36. Qg5 Qe5 37. h3 Rf6 38. Rg3 Re7 39. Qh4 Rc6 40. f6 Rf7 41. Rg5 Qxc3 42. Rh5 Rfxf6 43. Rh8+ Kf7 44. Qh5+ Ke6 45. Qe8+ Kd5 46. Rh5+ Kd4 47. Rd1+ 1-0

[Event "Saint Louis SPICE Cup op 11th"]
[White "Mercado, Luisa Fernanda"]
[Black "Betaneli, Alexander"]
[Site "Saint Louis"]
[Round "2"]
[Result "0-1"]
[Date "2017.10.22"]
[WhiteElo "1944"]
[BlackElo "2204"]
[PlyCount "78"]
[EventDate "2017.10.21"]
[EventType "swiss"]
[EventRounds "9"]
[EventCountry "USA"]
[SourceTitle "CBM 181 Extra"]
[Source "ChessBase"]
[SourceDate "2017.12.12"]
[SourceVersion "1"]
[SourceVersionDate "2017.12.12"]
[SourceQuality "1"]

1. e4 e5 2. Nf3 Nc6 3. Bb5 a6 4. Ba4 d6 5. d4 Bd7 6. 0-0 Nxd4 7. Bxd7+ Qxd7 8. Nxd4 exd4 9. Qxd4 Ne7 10. b3 Nc6 11. Qc3 0-0-0 12. Bb2 d5 13. exd5 Qxd5 14. Qh3+ Qd7 15. Qxd7+ Rxd7 16. c4 Nb4 17. a3 Nc2 18. Ra2 Nd4 19. b4 c5 20. bxc5 Bxc5 21. Nc3 Re8 22. Na4 Ba7 23. Ba1 Re6 24. g3 Rc6 25. c5 Bxc5 26. Rc1 Ba7 27. Rxc6+ bxc6 28. Kg2 f6 29. Bc3 Rd5 30. Rb2 Nb5 31. Bb4 Kd7 32. Re2 c5 33. Ba5 Rd4 34. Nb6+ Bxb6 35. Bxb6 Kc6 36. Re6+ Rd6 37. Rxd6+ Nxd6 38. Bd8 Nc4 39. a4 Kd7 0-1

[Event "Chicago op 26th"]
[White "Betaneli, Alexander"]
[Black "Liang, Awonder"]
[Site "Chicago"]
[Round "1"]
[Result "0-1"]
[Date "2017.05.25"]
[WhiteElo "2218"]
[BlackElo "2488"]
[PlyCount "66"]
[EventDate "2017.05.25"]
[EventType "swiss"]
[EventRounds "9"]
[EventCountry "USA"]
[SourceTitle "CBM 178 Extra"]
[Source "ChessBase"]
[SourceDate "2017.06.22"]
[SourceVersion "1"]
[SourceVersionDate "2017.06.22"]
[SourceQuality "1"]

1. d4 Nf6 2. Nf3 g6 3. Bg5 Bg7 4. Nbd2 0-0 5. c3 d6 6. e4 Nc6 7. Be2 e5 8. dxe5 dxe5 9. 0-0 h6 10. Bxf6 Qxf6 11. Qc2 Qe7 12. Nc4 Nd8 13. Rfe1 c6 14. a4 Qc7 15. Qd2 Be6 16. Qd6 Qxd6 17. Nxd6 Rb8 18. Nc4 f6 19. Red1 Kh7 20. b4 Bg8 21. Rd7 Ne6 22. Na5 Rf7 23. Rxf7 Bxf7 24. Rd1 Nf4 25. Bf1 Be6 26. Rd2 f5 27. Bc4 fxe4 28. Bxe6 exf3 29. Bc4 e4 30. Rd7 Ne2+ 31. Kf1 Nxc3 32. Nxb7 Nxa4 33. gxf3 Nb6 0-1